MARC

LEADER 00000nam0a2200000 4500
001 148815
005 20231031145609.0
020 |a RU  |b 79-88895 
035 |a (RuTPU)RU\TPU\book\161347 
090 |a 148815 
100 |a 20081209d1974 k y0rusy5003 ca 
101 0 |a rus 
102 |a RU 
105 |a y z 100zy 
200 1 |a Геология и полезные ископаемые юга Восточной Сибири  |e тезисы докладов к 1 конференции ВостСибНИИГГиМСа, Иркутск, 1974  |f Восточно-Сибирский научно-исследовательский институт геологии, геофизики и минерального сырья (ВостСибНИИГГиМС); под ред. С. Л. Арутюнова 
210 |a Иркутск  |c Восточно-Сибирская правда  |d 1974 
215 |a 419 с. 
610 1 |a геология 
610 1 |a полезные ископаемые 
610 1 |a Восточная Сибирь 
610 1 |a материалы конференций 
610 1 |a доклады 
675 |a 55(с18)(063)  |v 3 
675 |a 553(с18)(063)  |v 3 
702 1 |a Арутюнов  |b С. Л.  |g Сергей Львович  |4 340 
712 0 2 |a Восточно-Сибирский научно-исследовательский институт геологии, геофизики и минерального сырья (ВостСибНИИГГиМС)  |c (Иркутск)  |2 stltpush  |3 (RuTPU)RU\TPU\col\2421 
712 0 2 |a Геология и полезные ископаемые юга Восточной Сибири  |b тезисы докладов  |d 1  |e Иркутск  |f 1974 
801 0 |a RU  |b RuMRKP  |c 19950704  |g psbo 
801 1 |a RU  |b 63413507  |c 20081209  |g PSBO 
801 2 |a RU  |b 63413507  |c 20081216  |g PSBO 
942 |c BK